El casamiento del laucha /

Guardado en:
Autor Principal: Payro, Roberto J.
Otros Autores: Ansolabehere, Pablo, pról.
Formato: Libro
Publicado: Barcelona : Sol 90, 2001
Series:La Biblioteca Argentina. Serie Clásicos; No. 21 / dirigida por Ricardo Piglia ; Osvaldo Tcherkaski
Materias:
Etiquetas: Agregar Etiqueta
Sin Etiquetas, Sea el primero en etiquetar este registro!
LEADER 00745nam a22002175a 4500
001 CEM.cems011992
005 20100712100010.0
008 130507s2001##################000#0#####d
003 CEMS
020 |a 8495594749 
082 0 4 |a A868.3 
100 1 |a Payro, Roberto J. 
245 1 0 |a El casamiento del laucha /  |c Roberto J. Payró ; prólogo de Pablo Ansolabehere 
260 |a Barcelona :  |b Sol 90,  |c 2001 
300 |a 69 p. 
490 0 |a La Biblioteca Argentina. Serie Clásicos; No. 21 / dirigida por Ricardo Piglia ; Osvaldo Tcherkaski 
653 |a Literatura 
653 |a Literatura argentina-siglo xix 
653 |a Literatura gauchesca 
700 1 |a Ansolabehere, Pablo, pról. 
859 |a CEMS  |b BIB. CEMS - 11 de abril  |h A868.3  |i P295-6  |p 23120.05  |t Ej.1